| 000 | 00731 a2200193 4500 | ||
|---|---|---|---|
| 003 | Nust | ||
| 005 | 20230706131931.0 | ||
| 010 | _a6811022 | ||
| 040 | _cNust | ||
| 082 | _a515,HAD | ||
| 100 | _aG . Hadley | ||
| 245 |
_aElementary calculus / _cG. Hadley |
||
| 260 |
_aLondon _bHolden-Day _c1968 |
||
| 300 | _a421p | ||
| 505 | _aNumbers, Arithmetic and Algebra (Page-1), Functions and relations (Page-75), Limits and differentiation (Page-168), Sequences and integration (Page-246), Additional developments of differentiation and integration(page 295)6.Numerical computation (Page-345), Functions of several variables (Page-374), Tables (Page-413). | ||
| 600 | _aG. Hadley | ||
| 650 | _aCalculus | ||
| 942 |
_2ddc _cBK _k515,HAD |
||
| 999 |
_c180630 _d180630 |
||